| 000 | 00621nam a2200205 i 4500 | ||
|---|---|---|---|
| 001 | 95069 | ||
| 003 | ES-MaACL | ||
| 005 | 20250417063056.0 | ||
| 007 | t| | ||
| 008 | 050520s1966 sp ||||1| spa d | ||
| 080 | _a82-3.08 | ||
| 100 | 1 |
_aLukács, György, _d1885-1971 _974718 |
|
| 245 | 1 | 0 |
_aTeoría de la novela / _cGeorg Lukács; [traducción de Juan José Sebreli]. |
| 260 |
_aBarcelona : _bEdhasa, _c1971. |
||
| 300 |
_a203 p. ; _c19 cm. |
||
| 650 | 4 |
_aNovela- _xTeoría y técnica. _915606 |
|
| 700 | 1 |
_aSebreli, Juan José. _9105029 |
|
| 852 |
_aES-MaACL _jC-40269 _bR.76484 |
||
| 999 |
_c95069 _d95069 |
||